000 00717nam a2200205Ia 4500
005 20241129111310.0
008 241129s9999||||xx |||||||||||||| ||und||
037 _aREF
040 _aCRL
_bpun
_cCRL
041 _apun
_2pun
084 _aQ8441:21k 153R2(RR)
_qCRL
100 _aਸਿੰਘ, ਵੀਰ, ਚ।
245 0 _aਗੁਰੂ ਗ੍ਰੰਥ ਸਾਹਿਬ ਕੋਸ਼
_cਸਿੰਘ, ਵੀਰ, ਚ।
260 _aਅੰਮ੍ਰਿਤਸਰ, ਭਾਰਤ
_bਅੰਮ੍ਰਿਤਸਰ ਸਿੰਘ ਬ੍ਰਦਰਜ਼
_c2022
300 _a653ਪ੍ਰ0
365 _aINR
_b650
650 _aSikhismReligion
942 _cREF
_hQ8441:21k 153R2(RR)
999 _c1229812
_d1229812